000 02551nam a2200313Ia 4500
008 220216s9999 xx 000 0 und d
100 _aSchafer Martin
245 0 _aReal time genetic manipulation : a new tool for ecological field studies
260 _bThe Plant Journal
_c2013
300 _a506-518
520 _aField experiments with transgenic plants often reveal the functional significance of genetic traits that are important for the performance fpr the plants in their natural environments. Until now, only constitutive over expression, ectopic expresstion and gene silencing methods have been used to analyze gene-related pheno types in natural habitats. These methods do not allow sufficient control over gene expression for the study of ecological interactions in real time, of genetic traits that play essential roles in developement, or of dose dependent effects. We applied the sensitive dexamenthasone (DEX) inducible pOp6/LhGR expression system to the ecological model plant Nicotiana attenuata and established a lanolin-based DEX application method to facilitate ectopic gene expression and RNA interference-meditated gene silencing in the field and under challenging conditions (e.g. high temperature, wind and UV radiation). Fully established field-grown plants were used to silence phytoene desaturase and thereby cause photobleaching only in specific plant sectors, and to achieve expression of the cytokinin (CK) biosynthesis gene isopentenyl transferase (ipt.). We used ipt expression to analyze the role of CKs in both the glasshouse and the field to understand resistance to the native herbivore Tupiocoris notatus, which attacks plants at small spatial scales. By spatially restricting ipt expression and elevating CK levels in single leaves, damage by T. notatus increased, demonstrating the role of CKs in this plant-herbivore interaction at a small scale. As the arena of most ecological interactions is highly constrained in time and space, these tools will advance the genetic analysis of dynamic traits that matter for plant performance in nature.
650 _aCytokinin
650 _aDexamethasone
650 _afieldwork
650 _aHerbivory
650 _aLhGR
650 _aManduca sexta
650 _aNicotiana attenuata
650 _apds
650 _apOp6
650 _aTechnical advance
650 _aTupiocoris notatus
700 _aBaldwin Ian
700 _aBrutting Christoph
700 _aGase Klaus
700 _aMeldau Stefan
700 _aReichelt Michael
942 _cJS
999 _c66385
_d66385